000 00309nam a2200109Ia 4500
008 180205s9999 xx 000 0 und d
020 _a9710851284
100 _aJesus, Palma A.
245 _aCurriculum developement system /
260 _aMandaluyong City
_bNational book store
_c1992
300 _avii, 168 pages
999 _c354803
_d354803